[Event "Hessen-ch A"]
[Site "Frankfurt/Main"]
[Date "2019.05.30"]
[Round "1"]
[White "Burkhardt, Holger"]
[Black "Sabol, Goran"]
[Result "1-0"]
[WhiteElo "2042"]
[BlackElo "1867"]
[PlyCount "77"]
[EventDate "2019.05.30"]
[EventType "swiss"]
[EventRounds "7"]
[EventCountry "GER"]

{[%evp 0,77,30,29,29,11,18,-9,14,14,84,53,70,61,55,79,79,78,101,106,109,88,101,
98,88,79,100,99,697,133,133,119,119,119,119,92,113,44,112,60,106,97,134,126,
104,104,106,100,100,74,94,124,117,99,149,138,142,139,139,139,129,125,152,137,
174,138,141,152,157,153,196,196,188,184,310,310,287,301,689,749]} 1. d4 Nf6 2.
Nc3 d5 3. Bf4 Bf5 4. e3 c6 5. f3 e6 6. g4 Bg6 7. h4 h5 8. g5 Ng8 9. Bd3 Ne7 10.
Nge2 Nd7 11. e4 Qa5 12. Qd2 a6 13. O-O O-O-O 14. Nxd5 Qxd2 15. Nxe7+ Bxe7 16.
Bxd2 e5 17. Be3 f6 18. Rad1 Rhe8 19. Kf2 Rf8 20. Rg1 f5 21. exf5 Bxf5 22. Bxf5
Rxf5 23. Ng3 Rf7 24. Ke2 Rdf8 25. Rgf1 exd4 26. Rxd4 Bc5 27. Rxd7 Rxd7 28. Bxc5
Rf4 29. Ne4 Rxh4 30. c3 Rd5 31. b4 a5 32. a3 axb4 33. axb4 Kc7 34. Ke3 b6 35.
Bd4 g6 36. Ra1 c5 37. bxc5 bxc5 38. Nxc5 Rxg5 39. Ne6+ 1-0

[Event "Hessen-ch A"]
[Site "Frankfurt/Main"]
[Date "2019.05.30"]
[Round "1"]
[White "Calvi, Stefan"]
[Black "Eurich, Jannik"]
[Result "1-0"]
[WhiteElo "1980"]
[BlackElo "1704"]
[PlyCount "133"]
[EventDate "2019.05.30"]
[EventType "swiss"]
[EventRounds "7"]
[EventCountry "GER"]

{[%evp 0,117,24,24,53,-1,19,15,2,10,31,5,22,2,-1,-1,11,31,31,59,59,40,51,52,86,
86,86,65,65,47,98,82,150,135,150,110,131,74,60,104,82,77,75,75,75,75,75,113,
113,113,113,113,113,152,152,116,123,121,107,109,109,22,70,33,75,64,72,66,66,53,
76,70,80,26,49,57,64,28,33,46,42,8,3,0,20,20,0,20,36,27,-130,-130,37,33,59,20,
33,42,42,2,40,34,53,53,65,0,20,20,20,43,82,95,135,135,113,95,140,139,159,137]} 
1. e4 c5 2. c3 Nf6 3. e5 Nd5 4. d4 cxd4 5. Nf3 Nc6 6. Bc4 Nb6 7. Bb3 e6 8. cxd4
d6 9. O-O Be7 10. Nc3 O-O 11. Bf4 f6 12. exd6 Bxd6 13. Bxd6 Qxd6 14. Re1 Kh8
15. Nb5 Qe7 16. d5 Rd8 17. d6 Qf8 18. Bxe6 a6 19. Nc7 Rxd6 20. Qb3 Bxe6 21.
Nxe6 Qf7 22. Qxb6 Rxe6 23. Rxe6 Qxe6 24. Qxb7 Rb8 25. Qxa6 Rxb2 26. Re1 Qd7 27.
Qd3 Qc8 28. Qf5 Qf8 29. Qe6 Ne5 30. Nd4 h6 31. h3 Nd3 32. Qe8 Kg8 33. Qxf8+
Kxf8 34. Re2 Rb1+ 35. Kh2 Kf7 36. h4 Ne5 37. h5 Rb4 38. Nf5 Rf4 39. Nd6+ Ke6
40. Nb7 Rb4 41. Nd8+ Kd7 42. Rd2+ Ke7 43. Kg3 Rb6 44. f4 Nd7 45. Nf7 f5 46. Ne5
Nf6 47. Kf3 Nxh5 48. a4 Ke6 49. g3 g5 50. a5 g4+ 51. Kf2 Ra6 52. Nc4 Nf6 53.
Rb2 Ne4+ 54. Kg2 Kd5 55. Ne3+ Ke6 56. Rb5 Nd6 57. Rc5 h5 58. Re5+ Kf6 59. Nd5+
Kf7 60. Nb4 Ra8 61. a6 Kf6 62. Ra5 Nc8 63. Nc6 Na7 64. Nd4 Rd8 65. Rxf5+ Kg6
66. Rg5+ Kh6 67. Nf5+ 1-0

[Event "Hessen-ch A"]
[Site "Frankfurt/Main"]
[Date "2019.05.30"]
[Round "1"]
[White "Carow, Annelen"]
[Black "Thomas, Tobias"]
[Result "1-0"]
[WhiteElo "2131"]
[BlackElo "1942"]
[PlyCount "31"]
[EventDate "2019.05.30"]
[EventType "swiss"]
[EventRounds "7"]
[EventCountry "GER"]

{[%evp 0,31,35,30,30,-8,63,11,29,16,59,51,52,51,56,30,36,-16,1,-34,8,-1,25,25,
-1,31,31,31,82,81,108,108,353,408]} 1. d4 Nf6 2. c4 g6 3. f3 d5 4. cxd5 Nxd5 5.
e4 Nb6 6. Nc3 Bg7 7. Be3 O-O 8. Qd2 Nc6 9. O-O-O Qd6 10. Kb1 Rd8 11. Nb5 Qd7
12. d5 Ne5 13. Qc2 Nc6 14. Rd2 Nb4 15. Qxc7 Na4 16. Qa5 1-0

[Event "Hessen-ch A"]
[Site "Frankfurt/Main"]
[Date "2019.05.30"]
[Round "1"]
[White "Chandler, Patrick"]
[Black "Schmitt, Carsten"]
[Result "0-1"]
[WhiteElo "2095"]
[BlackElo "1912"]
[PlyCount "82"]
[EventDate "2019.05.30"]
[EventType "swiss"]
[EventRounds "7"]
[EventCountry "GER"]

{[%evp 0,82,30,27,27,-47,-51,-67,14,-9,-21,-21,-43,-51,-38,-77,-71,-100,-63,
-39,-39,-57,-29,-35,-27,-12,2,-10,15,-20,-15,-59,-3,-56,-30,-2,15,-17,-4,-71,
-108,-119,-119,-215,-229,-229,-229,-227,-227,-227,-193,-203,-214,-214,-229,
-269,-231,-245,-250,-271,-220,-236,-234,-225,-253,-250,-277,-264,-262,-312,
-312,-320,-331,-373,-373,-554,-585,-762,-510,-665,-665,-798,-861,-861,-908]} 1.
Nf3 d5 2. b4 Nf6 3. Bb2 Bg4 4. Ne5 Bf5 5. e3 Nbd7 6. c4 c6 7. a3 e6 8. Nf3 Bd6
9. c5 Bc7 10. Be2 e5 11. d4 e4 12. Nfd2 Qe7 13. Nc3 h5 14. Nb3 Ng4 15. Qd2 Qh4
16. Nd1 Ndf6 17. h3 Rh6 18. Rg1 Nh2 19. Nc3 Rg6 20. O-O-O Qxf2 21. Bxh5 Qxd2+
22. Nxd2 Nxh5 23. g4 Nxg4 24. hxg4 Rxg4 25. Rh1 g6 26. Rdf1 Be6 27. Rf2 Ke7 28.
Kc2 Ng3 29. Rh7 Nf5 30. Nf1 Rg1 31. Bc1 g5 32. Ne2 Rg4 33. Bd2 Rg8 34. Be1 Rh4
35. Rxh4 Nxh4 36. Ng1 g4 37. Nd2 g3 38. Rf1 Bg4 39. a4 Ng2 40. Bxg3 Nxe3+ 41.
Kc3 Bxg3 0-1

[Event "Hessen-ch A"]
[Site "Frankfurt/Main"]
[Date "2019.05.30"]
[Round "1"]
[White "Dietze, Frank"]
[Black "Krychevskiy, Dmytro"]
[Result "0-1"]
[WhiteElo "2112"]
[BlackElo "1927"]
[PlyCount "128"]
[EventDate "2019.05.30"]
[EventType "swiss"]
[EventRounds "7"]
[EventCountry "GER"]

{[%evp 0,126,26,27,27,-14,51,64,39,39,46,27,89,82,86,77,67,49,111,36,71,79,105,
47,104,55,67,55,27,42,75,5,63,12,128,27,97,37,37,1,3,-32,47,-52,-30,-67,-18,
-46,-56,-159,-48,-79,-70,-99,-37,-37,15,29,29,-9,-18,-33,-57,-66,12,21,21,22,
71,68,89,18,19,0,0,-46,0,0,0,-19,-66,-226,-25,0,-65,-74,-28,-93,-147,-304,-149,
-204,-254,-252,-281,-287,-268,-269,-269,-281,-324,-319,-248,-291,-273,-281,
-293,-309,-377,-332,-320,-320,-343,-711,-419,-499,-422,-415,-476,-507,-493,
-587,-790,-959,-836,-836,-981,-1729,-2115]} 1. d4 Nf6 2. c4 g6 3. Nc3 Bg7 4. e4
d6 5. Be2 Nbd7 6. Nf3 e5 7. dxe5 dxe5 8. Bg5 O-O 9. O-O Re8 10. Qd2 c6 11. Rfd1
Qc7 12. h3 Nc5 13. Qe3 Ne6 14. Bh6 Nh5 15. g3 Bh8 16. Kh2 f6 17. Ng1 Nhg7 18.
c5 Nd4 19. Rac1 Be6 20. b4 Bf7 21. Qd2 Rad8 22. Qb2 Nxe2 23. Qxe2 Ne6 24. Be3
Bg7 25. Nf3 f5 26. Bg5 Nxg5 27. Nxg5 h6 28. Nxf7 Qxf7 29. Kg2 Rd4 30. Rb1 Red8
31. b5 Qe7 32. bxc6 bxc6 33. exf5 gxf5 34. Rxd4 Rxd4 35. Qh5 Qe6 36. Rb8+ Kh7
37. Re8 Qd7 38. Ra8 Rc4 39. Nd1 f4 40. g4 Qd5+ 41. Kh2 e4 42. g5 Qxg5 43. Qf7
Qd5 44. Qe8 f3 45. Rd8 Qe5+ 46. Qxe5 Bxe5+ 47. Kg1 Rc1 48. Kf1 Kg6 49. Ke1 Bc3+
50. Kf1 Kf5 51. Kg1 Be5 52. a4 a5 53. Rd7 Ke6 54. Rd2 Rxc5 55. Ne3 Rc1+ 56. Nf1
Bf4 57. Rd4 Re1 58. Rd8 c5 59. h4 c4 60. h5 c3 61. Rc8 Be5 62. Rc5 Kd6 63. Rc8
Kd5 64. Rd8+ Kc4 0-1

[Event "Hessen-ch A"]
[Site "Frankfurt/Main"]
[Date "2019.05.30"]
[Round "1"]
[White "Diez, Gerhard"]
[Black "Yaghi, Rita"]
[Result "1-0"]
[WhiteElo "1983"]
[BlackElo "1783"]
[PlyCount "69"]
[EventDate "2019.05.30"]
[EventType "swiss"]
[EventRounds "7"]
[EventCountry "GER"]

{[%evp 0,69,26,21,78,78,98,93,65,36,82,82,87,48,119,56,48,17,38,29,16,27,57,11,
19,24,36,37,-6,-2,-16,-16,12,-7,-7,-15,-14,-14,21,-20,-13,-32,-32,-7,-21,-64,
-48,-38,-17,-17,2,41,69,43,48,51,58,80,53,72,95,95,95,104,104,-78,4,-72,78,103,
103,134]} 1. e4 c5 2. Nf3 d6 3. d4 cxd4 4. Nxd4 Nf6 5. Nc3 a6 6. h3 h5 7. g3 e5
8. Nde2 Be6 9. Bg2 Be7 10. O-O Qc8 11. Kh2 Nbd7 12. Be3 b5 13. a4 b4 14. Nd5
Nxd5 15. exd5 Bf5 16. c3 bxc3 17. Nxc3 Rb8 18. Qe2 Nf6 19. Rfc1 Qb7 20. b4 Qxb4
21. Qxa6 O-O 22. Qe2 Rfc8 23. Qd2 Qb7 24. a5 Ra8 25. Bf1 Qb4 26. a6 Bd8 27. a7
Ba5 28. Qa2 Bb6 29. Nb5 Bxe3 30. Rxc8+ Bxc8 31. fxe3 Qc5 32. Qd2 Bb7 33. Rc1
Qxd5 34. Qxd5 Nxd5 35. Bg2 1-0

[Event "Hessen-ch A"]
[Site "Frankfurt/Main"]
[Date "2019.05.30"]
[Round "1"]
[White "Dreis, Volker"]
[Black "Henrich, David"]
[Result "1/2-1/2"]
[WhiteElo "1930"]
[BlackElo "2115"]
[PlyCount "78"]
[EventDate "2019.05.30"]
[EventType "swiss"]
[EventRounds "7"]
[EventCountry "GER"]

{[%evp 0,78,21,21,77,73,61,77,76,34,96,57,90,-26,19,21,9,20,22,-21,6,-8,-14,
-30,3,-19,-6,-43,-54,-76,-76,-76,-76,-100,-101,-116,-102,-102,-93,-102,-49,-49,
-36,-43,-43,-43,-30,-84,-70,-69,-68,-88,-86,-126,-116,-116,-109,-127,-113,-121,
-70,-110,-98,-82,-68,-68,-59,-62,0,-2,17,0,10,-21,-18,0,0,-28,-12,0,10]} 1. e4
d6 2. d4 Nf6 3. Nc3 Nbd7 4. f4 e5 5. Nf3 exd4 6. Nxd4 Nc5 7. Bd3 Be7 8. O-O O-O
9. Kh1 Nxd3 10. cxd3 c5 11. Nf3 b6 12. b3 Bb7 13. Bb2 d5 14. e5 Ng4 15. Qe2 d4
16. Ne4 Ne3 17. Rg1 f5 18. exf6 Bxf6 19. Bc1 Bxe4 20. dxe4 d3 21. Qxe3 Bxa1 22.
Rd1 Qf6 23. Qxd3 Rad8 24. Qc4+ Kh8 25. Re1 Qc3 26. e5 Qxc4 27. bxc4 Bc3 28. Rf1
h6 29. g4 a6 30. a4 Kh7 31. f5 Rfe8 32. Bf4 Rd3 33. Kg2 Bd4 34. Rb1 Ra3 35.
Rxb6 Rxa4 36. g5 hxg5 37. Nxg5+ Kh8 38. Ne6 Rxc4 39. Rxa6 Bb2 1/2-1/2

[Event "Hessen-ch A"]
[Site "Frankfurt/Main"]
[Date "2019.05.30"]
[Round "1"]
[White "Dzyba, Sultan"]
[Black "Kuhn, Gerhard"]
[Result "1-0"]
[WhiteElo "1982"]
[BlackElo "1977"]
[PlyCount "89"]
[EventDate "2019.05.30"]
[EventType "swiss"]
[EventRounds "7"]
[EventCountry "GER"]

{[%evp 0,89,21,-26,-1,-13,-13,-72,11,-35,-25,-45,-30,-20,-17,-49,4,-34,-34,-34,
-35,-42,-14,3,46,69,70,5,49,53,66,78,64,65,86,82,60,55,55,72,68,33,98,56,113,
85,75,52,52,53,94,92,97,41,52,60,115,54,52,39,66,118,118,75,130,136,172,172,
244,191,188,188,188,186,186,175,290,238,143,355,355,355,306,306,298,278,334,
318,344,318,29999,-30000]} 1. f4 d5 2. Nf3 Nf6 3. g3 b6 4. Bg2 Bb7 5. Ne5 e6 6.
c4 Be7 7. Qa4+ c6 8. cxd5 Nxd5 9. Nc3 O-O 10. O-O Qc7 11. e4 Nf6 12. d4 Nbd7
13. Nxd7 Nxd7 14. e5 Rfd8 15. Be3 Nf8 16. Rad1 Rd7 17. Rf2 Rad8 18. Rfd2 b5 19.
Qc2 Qa5 20. f5 exf5 21. Qxf5 Bb4 22. Bg5 Re8 23. Qc2 Ne6 24. Be3 Qc7 25. a3 Be7
26. Ne4 a5 27. Bh3 Rdd8 28. Bg2 a4 29. h4 b4 30. axb4 Bxb4 31. Rf2 c5 32. Nd6
Bxg2 33. Nxe8 Qb6 34. dxc5 Rxd1+ 35. Qxd1 Bxc5 36. Bxc5 Qxc5 37. Qd6 Qc8 38.
Qe7 Bd5 39. Qxf7+ Kh8 40. Nd6 Qc1+ 41. Rf1 Qe3+ 42. Qf2 Qb3 43. Nf7+ Kg8 44.
Ng5 Nxg5 45. Qf8# 1-0

[Event "Hessen-ch A"]
[Site "Frankfurt/Main"]
[Date "2019.05.30"]
[Round "1"]
[White "Emig, Nils"]
[Black "Oezdemir, Ali Oezden"]
[Result "1/2-1/2"]
[WhiteElo "1784"]
[BlackElo "1997"]
[PlyCount "39"]
[EventDate "2019.05.30"]
[EventType "swiss"]
[EventRounds "7"]
[EventCountry "GER"]

{[%evp 0,39,35,37,54,58,111,83,109,91,94,62,119,88,102,94,77,38,39,44,60,33,56,
27,29,-25,-17,-36,-27,-11,-6,-6,-6,-5,74,-3,22,6,36,40,40,39]} 1. e4 c5 2. Nf3
d6 3. d4 Nf6 4. Nc3 cxd4 5. Nxd4 g6 6. Be3 Bg7 7. f3 O-O 8. Qd2 Nc6 9. O-O-O d5
10. Kb1 Nxd4 11. Bxd4 dxe4 12. Bxf6 Qxd2 13. Rxd2 exf6 14. Nxe4 f5 15. Nd6 Be6
16. Bc4 Rfd8 17. Bxe6 fxe6 18. Rhd1 Be5 19. Nxb7 Rxd2 20. Rxd2 1/2-1/2

[Event "Hessen-ch A"]
[Site "Frankfurt/Main"]
[Date "2019.05.30"]
[Round "1"]
[White "Fucik, Timo"]
[Black "Rabiya, Karim"]
[Result "1-0"]
[WhiteElo "2020"]
[BlackElo "1826"]
[PlyCount "37"]
[EventDate "2019.05.30"]
[EventType "swiss"]
[EventRounds "7"]
[EventCountry "GER"]

{[%evp 0,37,26,27,27,-26,-3,-5,55,43,82,73,96,96,112,58,51,47,122,104,105,110,
149,149,321,177,353,315,401,229,527,491,799,791,886,1004,1004,1103,1123,1116]} 
1. d4 Nf6 2. Bg5 e6 3. e4 Be7 4. Nd2 c5 5. e5 Nd5 6. Bxe7 Nxe7 7. Ngf3 cxd4 8.
Nc4 Nf5 9. Nxd4 Nxd4 10. Nd6+ Ke7 11. Qxd4 Qa5+ 12. b4 Qc7 13. Rd1 Nc6 14. Qf4
f6 15. exf6+ gxf6 16. Qh6 Nd4 17. Qg7+ Kxd6 18. Rxd4+ Kc6 19. Rc4+ 1-0

[Event "Hessen-ch A"]
[Site "Frankfurt/Main"]
[Date "2019.05.30"]
[Round "1"]
[White "Galkin, Wladislaw"]
[Black "Simon, Jonathan"]
[Result "1-0"]
[WhiteElo "2156"]
[BlackElo "1959"]
[PlyCount "63"]
[EventDate "2019.05.30"]
[EventType "swiss"]
[EventRounds "7"]
[EventCountry "GER"]

{[%evp 0,63,30,-11,35,-36,65,24,18,18,9,9,9,16,58,54,48,-8,38,29,40,45,124,96,
75,15,15,11,26,26,-10,-13,-9,-54,-19,-65,-75,-75,-66,-78,-32,-32,-32,-85,-11,
-48,-48,-168,-48,-33,-47,38,42,-77,13,13,13,11,501,449,501,510,526,526,510,519]
} 1. c4 c5 2. g3 g6 3. Bg2 Bg7 4. Nc3 Nc6 5. Nf3 d6 6. O-O e5 7. a3 Nge7 8. b4
cxb4 9. axb4 Nxb4 10. Ba3 Nec6 11. Qa4 Na6 12. Ne4 Nc5 13. Bxc5 dxc5 14. Nxc5
O-O 15. Rab1 Qe7 16. Ne4 Rd8 17. d3 f5 18. Nc3 e4 19. Nd5 Rxd5 20. cxd5 exf3
21. exf3 Nd4 22. Rfe1 b5 23. Qa5 Qd7 24. d6 Bf8 25. f4 Bb7 26. Rb4 Qxd6 27.
Rxd4 Qxd4 28. Bxb7 Qb4 29. Qa2+ Kh8 30. Rb1 Qa4 31. Qxa4 bxa4 32. Bxa8 1-0

[Event "Hessen-ch A"]
[Site "Frankfurt/Main"]
[Date "2019.05.30"]
[Round "1"]
[White "Haack, Kevin"]
[Black "Froehlich Dill, Astrid"]
[Result "1-0"]
[WhiteElo "2033"]
[BlackElo "1845"]
[PlyCount "167"]
[EventDate "2019.05.30"]
[EventType "swiss"]
[EventRounds "7"]
[EventCountry "GER"]

{[%evp 0,112,27,-14,39,15,20,-14,33,-19,-7,-29,-5,-15,-1,1,45,-34,15,-23,11,-7,
4,6,9,-17,131,-123,-125,-144,-102,-132,-127,-188,-114,-177,-137,-137,-100,-121,
-105,-175,-170,-125,-125,-125,-92,-121,-120,-133,-80,-122,-115,-171,-130,-201,
-201,-225,-193,-232,-388,-388,-353,-371,-416,-416,-372,-588,-372,-374,-443,
-558,-543,-615,-518,-520,-520,-564,-564,-564,-564,-574,-574,-574,-294,-334,
-203,-267,-267,-292,-309,-296,-309,-302,-283,-350,-254,-265,-279,-281,-243,
-233,-205,-229,-48,-35,10,0,0,0,0,0,0,-20,-7]} 1. c4 c5 2. Nc3 Nf6 3. g3 e6 4.
Nf3 Nc6 5. d4 cxd4 6. Nxd4 Bb4 7. Bg2 O-O 8. e4 Ne5 9. Qe2 Bxc3+ 10. bxc3 Qa5
11. Bd2 Qc5 12. Bf1 d5 13. Be3 Qa5 14. Qc2 Nxe4 15. Rc1 Bd7 16. Bf4 Ng6 17. Nb3
Qd8 18. Be3 b6 19. Bd3 Rc8 20. f3 Ng5 21. Nd2 dxc4 22. Be2 Nh3 23. Bxc4 Qf6 24.
Rf1 e5 25. Bd3 Qe7 26. Nb3 f5 27. Qg2 f4 28. Bd2 Ng5 29. g4 e4 30. fxe4 f3 31.
Qf2 Ne5 32. Bb1 Bb5 33. Qh4 h6 34. Rf2 Bd3 35. Kd1 Bxb1 36. Rxb1 Nd3 37. Rf1
Qxe4 38. Nd4 Nf2+ 39. Kc1 Nd3+ 40. Kd1 Nf2+ 41. Kc1 Nfh3 42. Kb2 Nf4 43. Bxf4
Qxf4 44. Rbc1 Qd2+ 45. Rc2 Qd3 46. Qe1 Ne4 47. Nf5 Rce8 48. Qd1 Qxd1 49. Rxd1
Nc5 50. Rf1 f2 51. Rd2 Re1 52. Rfxf2 Ne4 53. Ne7+ Kh7 54. Rxf8 Nxd2 55. Nf5
Nc4+ 56. Kc2 Ne5 57. h3 Rh1 58. Re8 Ng6 59. Ra8 Rxh3 60. Rxa7 Ne5 61. Rxg7+ Kh8
62. Rb7 Nxg4 63. Rxb6 Kh7 64. a4 Ne3+ 65. Nxe3 Rxe3 66. a5 Re4 67. Kb3 Re1 68.
Kb4 h5 69. a6 Ra1 70. Rb7+ Kg6 71. Kb5 h4 72. a7 h3 73. Rb6+ Kf5 74. Ra6 Rb1+
75. Kc5 h2 76. a8=Q h1=Q 77. Qf8+ Ke4 78. Qe7+ Kd3 79. Rd6+ Kc2 80. Qe2+ Kb3
81. Rb6+ Kxc3 82. Qc4+ Kd2 83. Rd6+ Ke3 84. Rd3+ 1-0

[Event "Hessen-ch A"]
[Site "Frankfurt/Main"]
[Date "2019.05.30"]
[Round "1"]
[White "Hasenstab, Robin"]
[Black "Tietzen, Stefan"]
[Result "1-0"]
[WhiteElo "1807"]
[BlackElo "2015"]
[PlyCount "95"]
[EventDate "2019.05.30"]
[EventType "swiss"]
[EventRounds "7"]
[EventCountry "GER"]

{[%evp 0,95,21,34,26,14,27,-26,-2,-7,-6,-4,-3,-91,-33,-23,-29,-102,-102,-102,
72,82,119,122,118,62,92,92,17,-46,-58,-59,-57,-47,-10,-19,-33,-16,19,-9,-9,7,8,
-2,29,-55,-25,-45,-27,-33,-51,-60,-43,-65,-46,-118,-78,-128,20,8,0,-64,-66,
-131,-117,-162,-59,-157,-157,-138,-138,-229,-197,-197,-335,-335,-303,-284,-240,
-240,-248,-288,-266,-384,-390,-390,44,0,340,451,755,755,775,775,775,892,807,
926]} 1. d4 Nf6 2. Nf3 d5 3. Bg5 h6 4. Bh4 Bf5 5. e3 e6 6. c4 Be7 7. Qb3 Nbd7
8. Qxb7 Rb8 9. Qxa7 Bxb1 10. Rxb1 Bb4+ 11. Kd1 O-O 12. Bd3 dxc4 13. Bxc4 Nc5
14. a3 Rb7 15. Qxb7 Nxb7 16. axb4 Qd6 17. b5 Qb4 18. Bd3 Nd6 19. Ke2 Nd5 20.
Rhc1 f5 21. Bg3 Ne4 22. Rc4 Qb3 23. Nd2 Nxd2 24. Kxd2 Qxb5 25. b4 f4 26. Rc5
Qb7 27. exf4 Nxf4 28. f3 g5 29. Bxf4 gxf4 30. b5 Rd8 31. Kc3 Qa7 32. Bc4 Qa3+
33. Kc2 Rxd4 34. Bxe6+ Kh8 35. Rc3 Qd6 36. Bc4 Qg6+ 37. Kb2 Rd2+ 38. Ka1 Qf6
39. Rbc1 Rxg2 40. h4 Qxh4 41. b6 Qf2 42. R1c2 Qd4 43. bxc7 Rg1+ 44. Kb2 Qb6+
45. Bb3 Rg8 46. c8=Q Rxc8 47. Rxc8+ Kg7 48. R2c7+ 1-0

[Event "Hessen-ch A"]
[Site "Frankfurt/Main"]
[Date "2019.05.30"]
[Round "1"]
[White "Kosak, Matjaz"]
[Black "Rosenberger, Frank"]
[Result "1/2-1/2"]
[WhiteElo "1869"]
[BlackElo "2046"]
[PlyCount "75"]
[EventDate "2019.05.30"]
[EventType "swiss"]
[EventRounds "7"]
[EventCountry "GER"]

{[%evp 0,75,27,11,34,54,37,7,59,17,73,46,96,83,83,11,26,24,14,-3,3,17,27,28,44,
-101,-101,-49,-49,-42,-44,-39,-90,-109,-106,-106,-112,-107,-110,-116,-96,-129,
-141,-146,-152,-140,-152,-154,-154,-118,-127,-162,-154,-136,-136,-157,-127,
-152,-166,-119,-87,-81,-83,-53,-55,-69,-30,0,35,2,2,-76,-46,-62,-6,-16,38,-15]
} 1. e4 e6 2. d4 d5 3. exd5 exd5 4. Nf3 Bg4 5. h3 Bh5 6. Qe2+ Qe7 7. Be3 Nc6 8.
g4 Bg6 9. c3 O-O-O 10. Nbd2 h5 11. g5 h4 12. O-O-O Qa3 13. Qb5 Qxa2 14. Bd3 a6
15. Qb3 Qxb3 16. Nxb3 Bxd3 17. Rxd3 Bd6 18. Rg1 Nge7 19. Rg4 Ng6 20. Nfd2 Nce7
21. c4 c6 22. c5 Bc7 23. Nf1 Nf5 24. Bd2 Nge7 25. Bf4 g6 26. Bxc7 Kxc7 27. Nbd2
Rb8 28. Nh2 b6 29. Nb3 b5 30. Nf3 b4 31. Ne5 Rh7 32. Rd1 Rb5 33. Kc2 Rh8 34.
Ra1 Ra8 35. Na5 Rf8 36. Nf3 f6 37. Nb3 Kb7 38. Na5+ 1/2-1/2

[Event "Hessen-ch A"]
[Site "Frankfurt/Main"]
[Date "2019.05.30"]
[Round "1"]
[White "Nies, Peter"]
[Black "Voellinger, Florian"]
[Result "1-0"]
[WhiteElo "2060"]
[BlackElo "1871"]
[PlyCount "45"]
[EventDate "2019.05.30"]
[EventType "swiss"]
[EventRounds "7"]
[EventCountry "GER"]

{[%evp 0,45,30,24,24,24,51,63,109,124,103,5,3,-9,-9,-48,-2,-22,-7,9,19,17,18,
-5,20,23,72,91,91,90,82,63,78,78,136,139,146,139,146,149,172,169,179,162,159,
100,696,701]} 1. e4 e5 2. Nf3 d5 3. Nxe5 Bd6 4. d4 dxe4 5. Nc4 Nf6 6. Nxd6+
Qxd6 7. Be2 O-O 8. O-O Bf5 9. Na3 Nc6 10. c3 Nd5 11. Nc4 Qd7 12. Ne3 Bg6 13.
Nxd5 Qxd5 14. Bf4 Rac8 15. Qb3 Qf5 16. Bg3 Nd8 17. h3 h5 18. Rae1 Kh7 19. Bc4
Qg5 20. Qa3 Re8 21. h4 Qg4 22. Re3 f5 23. Be2 1-0

[Event "Hessen-ch A"]
[Site "Frankfurt/Main"]
[Date "2019.05.30"]
[Round "1"]
[White "Ochs, Daniel Elias"]
[Black "Neidhardt, Helge"]
[Result "1/2-1/2"]
[WhiteElo "1906"]
[BlackElo "2094"]
[PlyCount "64"]
[EventDate "2019.05.30"]
[EventType "swiss"]
[EventRounds "7"]
[EventCountry "GER"]

{[%evp 0,64,30,27,29,27,38,17,51,16,49,29,35,18,46,-22,20,-1,13,-19,0,-3,-9,4,
11,10,10,-26,-14,1,3,3,3,-32,23,15,50,-20,-2,-14,20,-8,-6,-14,-24,-27,-21,-48,
-16,-10,-15,3,3,1,-20,-27,-8,-37,-36,-36,3,-55,-25,-67,-71,-68,-25]} 1. d4 Nf6
2. Nf3 e6 3. e3 c5 4. c4 Be7 5. Bd3 O-O 6. O-O d5 7. a3 b6 8. b3 Bb7 9. Bb2
Nbd7 10. Nc3 Ne4 11. Qc2 f5 12. cxd5 exd5 13. dxc5 bxc5 14. Ne2 Bf6 15. Nf4 Qe7
16. Bb5 Rfd8 17. Rfd1 Nb6 18. Bf1 Rac8 19. Rac1 g6 20. Bxf6 Qxf6 21. Bd3 Kg7
22. h4 Rd6 23. a4 Nd7 24. Bb5 Ne5 25. Nxe5 Qxe5 26. f3 Nf6 27. Qf2 Qe7 28. Rd2
a6 29. Bd3 Rd7 30. Bc2 Qe5 31. Nd3 Qd6 32. Nf4 Qe5 1/2-1/2

[Event "Hessen-ch A"]
[Site "Frankfurt/Main"]
[Date "2019.05.30"]
[Round "1"]
[White "Ruhl, Moritz"]
[Black "Hess, Steffen"]
[Result "1-0"]
[WhiteElo "1867"]
[BlackElo "2038"]
[PlyCount "47"]
[EventDate "2019.05.30"]
[EventType "swiss"]
[EventRounds "7"]
[EventCountry "GER"]

{[%evp 0,47,35,35,30,-11,53,47,60,-4,4,4,3,7,24,24,63,58,55,17,65,70,89,82,88,
69,82,67,80,33,46,39,68,26,80,69,100,81,91,89,186,198,198,239,239,191,257,257,
247,240]} 1. d4 Nf6 2. c4 g6 3. Nf3 Bg7 4. g3 O-O 5. Bg2 d6 6. O-O a6 7. Nc3
Nbd7 8. e4 e5 9. dxe5 dxe5 10. Qe2 c6 11. Rd1 Qc7 12. b3 Re8 13. Bb2 b5 14.
cxb5 axb5 15. Rac1 Ba6 16. b4 Rac8 17. a4 Bh6 18. Rc2 Qa7 19. axb5 Bxb5 20.
Nxb5 cxb5 21. Rxc8 Rxc8 22. Nxe5 Nxe5 23. Bxe5 Nd7 24. Bh3 1-0

[Event "Hessen-ch A"]
[Site "Frankfurt/Main"]
[Date "2019.05.30"]
[Round "1"]
[White "Rutsatz, Mario"]
[Black "Cherny, Andrey"]
[Result "1/2-1/2"]
[WhiteElo "1959"]
[BlackElo "2193"]
[PlyCount "135"]
[EventDate "2019.05.30"]
[EventType "swiss"]
[EventRounds "7"]
[EventCountry "GER"]

{[%evp 0,106,29,-3,24,21,21,-13,28,12,-4,-12,-13,-26,-13,-17,-17,-5,45,35,64,
68,77,66,71,29,6,6,59,29,78,53,54,78,78,64,74,66,68,99,111,101,108,93,192,192,
202,126,142,119,99,78,134,125,233,108,128,114,133,121,140,154,175,129,142,115,
135,69,189,137,254,184,218,173,201,127,185,144,144,120,212,48,43,48,34,-22,-20,
-24,-20,-47,113,-19,51,32,62,32,130,7,1,0,10,17,23,16,8,18,22,23,57]} 1. c4 c6
2. Nf3 d5 3. g3 Bf5 4. Bg2 e6 5. O-O Nf6 6. Qb3 Qb6 7. d3 Nbd7 8. Nc3 Qa6 9.
cxd5 Nc5 10. Qc2 exd5 11. Nd4 Bd7 12. b4 Ne6 13. Nxe6 fxe6 14. Rb1 e5 15. b5
Qa5 16. Bd2 Qd8 17. bxc6 Bxc6 18. e4 d4 19. Nd5 Bd6 20. Qb3 Nd7 21. Bb4 Nc5 22.
Bxc5 Bxc5 23. Rfc1 Bd6 24. Bh3 Rf8 25. Be6 Rb8 26. Qd1 Bxd5 27. Bxd5 Qf6 28.
Qc2 b6 29. Qa4+ Kd8 30. Rb2 Qe7 31. Rc6 Rf6 32. Rbc2 Qd7 33. Bb3 Ke7 34. Qc4 b5
35. Qd5 g5 36. Rc1 h5 37. a4 Rbf8 38. R1c2 b4 39. a5 Rb8 40. Ba4 Qe6 41. Qxe6+
Rxe6 42. Rc8 Rf6 43. Rxb8 Bxb8 44. Rc8 Bd6 45. Kf1 h4 46. Rg8 hxg3 47. hxg3 Rh6
48. Kg2 Kf6 49. Bb3 Rh7 50. Re8 Re7 51. Rf8+ Kg7 52. Rg8+ Kh6 53. Rc8 Rc7 54.
Rxc7 Bxc7 55. a6 Kg6 56. Kf3 Kf6 57. Ke2 Ke7 58. Kd2 Kd6 59. Kc2 Kc6 60. Bc4
Kb6 61. Kb2 g4 62. Kb3 Bd6 63. Ka4 Be7 64. Be6 Kxa6 65. Bxg4 Kb6 66. f4 Bd6 67.
f5 Be7 68. Bd1 1/2-1/2